Ossessione /

Guardat en:
Dades bibliogràfiques
Autor principal: Visconti, Luchino (Autor)
Altres autors: Renzi, Renzo, Ungari, Enzo, Cavallaro, Giambattista
Format: Llibre
Idioma:italià
Publicat: Bologna : Cappelli, [1977[
Col·lecció:NUCcinema ; 1
Matèries:
Etiquetes: Afegir etiqueta
Sense etiquetes, Sigues el primer a etiquetar aquest registre!

MARC

LEADER 00000nam a2200000 i 4500
001 IT\ICCU\RAV\0154492
003 ItRI
005 20260115232322.0
008 910820s1977 it |||||| ||||| |||||c
040 |b ita  |c importazione bologna sebina 
041 7 |a ita  |2 ISO-639-2 
082 |a 791.4372  |9 CINEMA. SINGOLI FILM  |2 21 
100 1 |a Visconti, Luchino  |0 IT\ICCU\CFIV\013289  |4 aut 
245 1 0 |a Ossessione /  |c Luchino Visconti ; trascrizione del film di Enzo Ungari con la collaborazione di G.B. Cavallaro ; nota introduttiva di Renzo Renzi. 
260 |a Bologna :  |b Cappelli,  |c [1977[ 
300 |a 136 p., [10] carte di tav. ;  |c 20 cm 
650 7 |a Visconti, Luchino . Ossessione <film> 
700 1 |a Renzi, Renzo  |0 IT\ICCU\CFIV\000845 
700 1 |a Ungari, Enzo  |0 IT\ICCU\CFIV\022752 
700 1 |a Cavallaro, Giambattista  |0 IT\ICCU\RAVV\054613 
790 1 |a Visconti, Lukino  |3 IT\ICCU\BVEV\043227  |z Visconti, Luchino 
790 1 |a Cavallaro, G. B.  |3 IT\ICCU\UMCV\390111  |z Cavallaro, Giambattista 
790 1 |a Cavallaro, Giovan Battista  |3 IT\ICCU\UTOV\539771  |z Cavallaro, Giambattista 
830 0 |a NUCcinema ;  |v 1  |0 IT\ICCU\RAV\0133897 
942 |2 ddc  |c BK  |n 0 
952 |0 0  |1 0  |4 0  |6 DOC_791_437000000000000_VIS  |7 0  |9 24102  |a BO  |b BO  |d 2026-01-15  |i 3131  |l 0  |o DOC 791.437 VIS  |p BO3131  |r 2026-01-15 23:23:22  |w 2026-01-15  |x [Sebina 5] [1 v.]  |y BK  |z 1 v. 
999 |c 20520  |d 20520